Manual de electroencefalografía = Handbook of electroencephalography /
Salvato in:
| Altri autori: | , , |
|---|---|
| Natura: | Elettronico eBook |
| Lingua: | spagnolo inglese |
| Pubblicazione: |
Bogota D.C., Colombia :
Ediciones Uniandes,
[2013]
|
| Edizione: | Primera edición. |
| Soggetti: | |
| Accesso online: | Digitalia Hispánica |
| Tags: |
Aggiungi Tag
Nessun Tag, puoi essere il primo ad aggiungerne!!
|
MARC
| LEADER | 00000nam a2200000Ii 4500 | ||
|---|---|---|---|
| 001 | DIGUANDES199 | ||
| 003 | NyNyDIG | ||
| 006 | m o d | ||
| 007 | cr ||||||||||| | ||
| 008 | 210625s2013 ck a ob 000 0 spa d | ||
| 020 | |a 9789586959476 |q eBook | ||
| 020 | |z 9789586959469 | ||
| 035 | |a (OCoLC)1282640456 | ||
| 040 | |a DGITA |b eng |e rda |e pn |c DGITA | ||
| 041 | 1 | |a spa |a eng |h spa | |
| 050 | 1 | 4 | |a RC386.6.E43 ebook |
| 245 | 0 | 0 | |a Manual de electroencefalografía = |b Handbook of electroencephalography / |c Luis Carlos Mayor, Jorge Burmeo, Juan G. Ochoa, edición académica y compilación. |
| 246 | 3 | 1 | |a Handbook of electroencephalography |
| 250 | |a Primera edición. | ||
| 264 | 1 | |a Bogota D.C., Colombia : |b Ediciones Uniandes, |c [2013] | |
| 300 | |a 1 online resource : |b illustrations. | ||
| 336 | |a text |b txt |2 rdacontent | ||
| 337 | |a computer |b c |2 rdamedia | ||
| 338 | |a online resource |b cr |2 rdacarrier | ||
| 347 | |a text file |2 rdaft | ||
| 347 | |b PDF | ||
| 500 | |a "Universidad de los Andes, Facultad de Medicina". | ||
| 504 | |a Includes bibliographical references. | ||
| 546 | |a Text in Spanish, with facing English translation. | ||
| 588 | 0 | |a Online resource; title from PDF title page (Digitalia, viewed June 25, 2021) | |
| 650 | 0 | |a Electroencephalography |v Handbooks, manuals, etc. | |
| 655 | 0 | |a Electronic books. | |
| 700 | 1 | |a Mayor, Luis Carlos, |e edior. | |
| 700 | 1 | |a Burneo, Jorge, |e editor. | |
| 700 | 1 | |a Ochoa, Juan G., |e editor. | |
| 730 | 0 | 2 | |i Container of (work): |a Manual de electroencefalografía. |
| 730 | 0 | 2 | |i Container of (expression): |a Manual de electroencefalografía. |l English. |
| 791 | 2 | |a Digitalia (Firm), |e distributor. | |
| 793 | 0 | |g Digitalia eBook Collection: |a Universidad de los Andes | |
| 776 | 0 | 8 | |i Print version: |t Manual de electroencefalografía. |b Primera edición. |d Bogota D.C., Colombia : Ediciones Uniandes, [2013] |z 9789586959469 |
| 856 | 4 | 0 | |3 Digitalia Hispánica |u https://digitalia.unach.elogim.com/a/52188/ |
| 910 | |a Premium collection: 2021 | ||